| 000 | 00424nam a2200157 a 4500 | ||
|---|---|---|---|
| 001 | 4009 | ||
| 003 | CDMR | ||
| 005 | 20131217122145.0 | ||
| 008 | 130130s1993||||||||||||||||||||||||||||d | ||
| 040 |
_aCDMR _bcat _cCDMR |
||
| 245 | 0 | _aAnuario 1992 | |
| 260 |
_aBarcelona _c1993 _bDifusora Internacional |
||
| 300 |
_a3 v ; _c30 cm |
||
| 505 | _aConté: I De los hechos. II De los Temas. III De los protagonistas | ||
| 942 |
_cMON _2udc |
||
| 999 |
_c4009 _d4009 |
||